000 01034nam a22002537a 4500
999 _c83174
_d83174
005 20181102164051.0
010 _aB-529474-501
020 _a9788178124599
_c295.00
020 _a9788178124599
_c360.00(AV)
035 _aB-529474-501, B-223123
035 _aB-663804
037 _bBookwell
037 _bUBH/Ven
082 _a000
100 _aGupta's R.
245 _aPopular master guide staff nurse recruitment exam :
_cby R.Gupta's
_bAIIMS,ESIC,DSSSB, railway recruitment boards, army hospitals and other Major hospitals of India /
260 _aNew Delhi
_bRamesh Publishing House
_c2014
_c2018
270 _a12-H, New Daryaganj Road, Opp.Traffic Kotwali,
_bNew Delhi
_e110002
300 _avarious pages.:
_bill.
_c23cm(pbk)
500 _aThoroughly Revised Edition 2014
942 _2ddc
_cEN
_h000
_mGUP